000 00768nam a2200265Ia 4500
003 OSt
005 20220928101802.0
006 a|||||r|||| 00| 0
007 ta
008 220927b |||||||| |||| 00| 0 eng d
020 _c195
024 _a109507
037 _b30112, 04/09/2010, Segment Book Distributors
_cTextual
040 _aSDCL
_cSDCL
_beng
041 _2eng
_aeng
082 _aXM2, QO
100 _aHuberman Leo
_9395124
245 0 _aIntroduction to socialism.
260 _aDelhi
_bAakar
_c2010
300 _a127p
_ccm.
650 _aPolitical Science
700 _a Sweezy Paul M
_9395125
942 _hXM2, QO
_cTEXL
_2CC
999 _c710760
_d710760